Systémy sociálního zabezpečení /

Hlavní autor: Halásková, Renáta
Jazyk: Čeština
Vydáno: Ostrava : Ostravská univerzita, Filozofická fakulta 2005
Vydání: Vyd. 1.
Témata:
Externí odkaz: Digitalizovaný dokument
Fyzický popis: 138 s. ; 30 cm
Knihy
Uloženo v:
LEADER 01802nam a2200469 a 4500
001 nkc20061637374
003 CZ PrNK
005 20060421133528.0
007 ta
008 060109s2005 xr e p 000 0 cze
015 |a cnb001637374 
020 |a 80-7368-115-3  |q (brož.) :  |c Kč 150,00 
035 |a (OCoLC)85525593 
040 |a OLA001  |b cze  |d ABA001 
043 |a e-xr---  |a e------ 
072 7 |a 364  |x Sociální problémy vyžadující podporu a pomoc. Sociální zabezpečení  |2 Konspekt  |9 18 
072 7 |a 37.016  |x Učební osnovy. Vyučovací předměty. Učebnice  |2 Konspekt  |9 22 
080 |a 364  |2 MRF 
080 |a (437.3)  |2 MRF 
080 |a (4)  |2 MRF 
080 |a (075.8)  |2 MRF 
100 1 |a Halásková, Renáta  |7 xx0020613  |4 aut 
245 1 0 |a Systémy sociálního zabezpečení /  |c Renáta Halásková 
250 |a Vyd. 1. 
260 |a Ostrava :  |b Ostravská univerzita, Filozofická fakulta  |c 2005 
300 |a 138 s. ;  |c 30 cm 
500 |a 100 výt. 
504 |a Obsahuje bibliografii 
650 0 7 |a sociální zabezpečení  |7 ph116215  |2 czenas 
650 0 7 |a sociální zabezpečení  |7 ph116215  |z Česko  |2 czenas 
650 0 7 |a sociální zabezpečení  |7 ph116215  |z země Evropské unie  |2 czenas 
650 0 9 |a social security  |2 eczenas 
650 0 9 |a social security  |z Czechia  |2 eczenas 
650 0 9 |a social security  |z European Union countries  |2 eczenas 
655 7 |a učebnice vysokých škol  |7 fd133772  |2 czenas 
655 9 |a textbooks (higher)  |2 eczenas 
856 4 1 |u http://www.digitalniknihovna.cz/mzk/uuid/uuid:d1408d00-049b-11e7-8830-005056827e51  |y Digitalizovaný dokument  |x NDK 
910 2 |a BOA001  |b 3-1163.119 
990 |a BK 
995 |a 01 
991 |b 200601  |c NOV 
996 6 |b 2610268885  |c 3-1163.119  |l MZK  |r Sklad / do 1 hodiny  |n 2  |p p.v.  |w 000804629  |u 000010  |a 1  |e BOA001  |j MZK50  |s P